Highland Girl - Nathan Evans (All lyrics) - Statistics

General Stats
  • This quiz has been taken 7 times
  • The average score is 408 of 545
Answer Stats
% Correct
a
100%
all
100%
an
100%
and
100%
And
100%
another
100%
(another
100%
came
100%
da,
100%
da
100%
danced
100%
di
100%
didn't
100%
Didn't
100%
eyes
100%
(eyes)
100%
fell
100%
(fell
100%
fire
100%
for
100%
girl
100%
girl)
100%
Hair
100%
Highland
100%
I
100%
in
100%
know
100%
like
100%
love,
100%
love
100%
love)
100%
my
100%
night
100%
One
100%
one
100%
road
100%
road,
100%
sea
100%
So
100%
sun
100%
(sun
100%
that
100%
the
100%
The
100%
'til
100%
up
100%
up)
100%
we
100%
with
100%
(with
100%
but
75%
I'm
75%
luck
75%
luck)
75%
She
75%
sings
75%
(sings
75%
breeze
50%
breeze)
50%
is
50%
La
50%
la
50%
now
50%
see
50%
to
50%
when
50%
wind
50%
be
25%
been
25%
breath
25%
can
25%
darling
25%
darling,
25%
Isle
25%
knew
25%
me,
25%
Oh,
25%
said
25%
then
25%
were
25%
you
25%
You
25%
young
25%
young"
25%
again
0%
along
0%
away
0%
band
0%
bar
0%
Because,
0%
breathe,
0%
caught
0%
diamonds
0%
di-di-di-di-di,
0%
echo
0%
everything
0%
fairy
0%
favorite
0%
fine
0%
"Follow
0%
get
0%
glen
0%
God
0%
hand
0%
hard
0%
her
0%
'hold
0%
hope
0%
I'll
0%
it
0%
keeping
0%
left
0%
looked
0%
mine
0%
mountain,
0%
notice
0%
of
0%
once
0%
out
0%
played
0%
playing
0%
reached
0%
Right
0%
shine
0%
singing
0%
Skye
0%
song
0%
started
0%
stole
0%
that's
0%
There's
0%
there's
0%
tight
0%
took
0%
tried
0%
turned
0%
upon
0%
walked
0%
whisper
0%
will
0%
your
0%
you've
0%
No matching quizzes found
Score Distribution
Percent of People with Each Score
Percentile by Number Answered
Your Score History
You have not taken this quiz